000 00309nam a2200109Ia 4500
008 171205s9999 xx 000 0 und d
020 _a9781506333793
100 _aWarren, Acacia M.
245 _cAcacia M. Warren
_aProject-Based Learning Across the Disciplines
260 _bCorwin
_c2016
300 _a251 pages
999 _c347436
_d347436